| 000 | 00431nam a22001337a 4500 | ||
|---|---|---|---|
| 999 |
_c126144 _d126144 |
||
| 008 | 170216b xxu||||| |||| 00| 0 eng d | ||
| 050 | _aRA644.A25 A312 | ||
| 100 |
_aAJAN _929155 |
||
| 245 |
_aA Happy Generation _bAjan HIV and AIDS prevention program for the youth _cAjan |
||
| 250 | _aVol. 1 | ||
| 260 |
_aNairobi _bAfrican Jesuits AIDS network _c2012 |
||
| 300 |
_aviii, 159p. ; _c25cm. |
||
| 650 |
_aAIDS (Disease) _zAfrica _926556 |
||
| 942 |
_2lcc _cMONOGRAPH |
||